Регионална библиотека "Любен Каравелов" - Русе

Тютюнопушене и професионални вредности (Запис номер 119539)

MARC детайли
000 -Лидер
Контролно поле с фиксирана дължина 01743nam a2200349 c 4500
003 - Код на организацията, давaща контролен номер
Контролно поле BLK
005 - Дата и час на последна редакция
Контролно поле 20180422110623.0
008 - Елементи от данни с фиксирана дължина
fixed length control field 180409b bul|||||r ||||||| ||bul||
010 ## - Наследен системен номер
LC control number KNG00125154000
040 ## - Източник на каталожния запис
Идентификатор на билиотеката - собственик на записа BLK
041 ## - Код за език
Код за езика на текст/звукозапис или на отделно заглавие Български
Код за езика КДБФ Български
080 ## - УДК
Текстов определител УДК Влияние на тютюна върху организма. Пушене от хигиенна гледна точка - Борба против злоупотребата с тютюн, тютюн без никотин, движение срещу тютюнопушенето
УДК код - определител по УДК 613.84
УДК определител
УДК - код + определител 613.84
080 ## - УДК
Текстов определител УДК Професионални болести. Общи въпроси
УДК код - определител по УДК 613.62
УДК определител
УДК - код + определител 613.62
100 1# - Редна дума - Автор
Автор Алексиева, Цветана
Авторска отговорност първи автор
R(LIN) 369506
139 ## - Редно поле
Редна дума Алексиева, Цветана и др.
Авторски знак Алекси - А 52
245 10 - Сведения за заглавието
Заглавие Тютюнопушене и професионални вредности
Подзаглавни данни Науч.-попул. очерк
Редно поле (дума) Цветана Алексиева; съавт. Тодор Димов Бурилков.
257 ## - Страна на издаване
Страна на създаване/издаване България
260 ## - Област на издателските данни
-- София
Име на издателя, разпространителя и проч. Медицина и физкултура
Година на издаване 1982
300 ## - Физическа характеристика
Страници 28 с.
Размери/Мащаб 18 см
380 ## - Жанр
Жанр Медицина
490 1# - СЕРИИ (Колекции)
Име на серия Библиотека Наука и трезвеност
№: серия 2
650 #4 - Допълнително описание по предмет – тема
Основно описание – тема или топоним Тютюнопушене
9 (RLIN) 174525
650 #4 - Допълнително описание по предмет – тема
Основно описание – тема или топоним Професионални болести
9 (RLIN) 271600
653 ## - Ключова дума – ненормативна
Ключова дума тютюнопушене
653 ## - Ключова дума – ненормативна
Ключова дума професионални заболявания
700 1# - Други автори (авторска отговорност)
Лично име Бурилков, Тодор Димов
Автороска отговорност (Описва отношението между автора и произведението) съавт.
9 (RLIN) 369304
852 ## - Местоположение
Форматна сигнатура Цб І 19954
856 4# - Електронен адрес и достъп
Електронен формат pdf - файл
Път до файла /url/
856 4# - Електронен адрес и достъп
Електронен формат pdf - файл
Път до файла /url/
942 ## - АРТИКУЛИ
Вид на библиотечния материал Книги
Скрит в OPAC Не
944 ## - СЪЗДАВАНЕ И РЕДАКЦИЯ на ЗАПИСА
Създаване/Редакция Създаване
Дата на регистрацията/редакция 23.08.2011
Статус, дата на статуса 23.08.2011 - от С1,Р / 23.08.2011
Служител, извършил регистрацията/редакцията Диана_Димитрова
944 ## - СЪЗДАВАНЕ И РЕДАКЦИЯ на ЗАПИСА
Създаване/Редакция Редакция
Дата на регистрацията/редакция 23.08.2011
Статус, дата на статуса 23.08.2011 - от С1,Р / 23.08.2011
Служител, извършил регистрацията/редакцията
999 ## - СИСТЕМНИ КОНТРОЛНИ НОМЕРА
Koha biblionumber 119539
Koha biblioitemnumber 119539
Наличности
Код за отписване Код за изгубен артикул Източник на класификационната схема Код за повреда Коз за рестрикции Код за отдаване Артикулен № Име на библиотеката - собственик Име на библиотеката, в която се намира в момента Статус (Текущо местоположение) Дата на вписване в системата Местоположение - отдел Цена в лева Инвентарен номер Систематично азбучна сигнатура Баркод Номер на екземпляра Цена в евро Служебна бележка Служебен тип на артикула
  Не е изгубен Universal Decimal Classification Не е повреден без рестрикции ползва се в читалня 192834 Регионална библиотека "Любен Каравелов" Русе Регионална библиотека "Любен Каравелов" Русе Хранилище 1982-01-01 Хранилище 0.20 365281 Цб І 19954 120000365281 1 0.10 Дост: Dp Вид: Д N: стар фонд Дата: 01.01.1982 Книги
Изтеглен Не е изгубен Universal Decimal Classification Не е повреден без рестрикции заемане за дома 192835 Регионална библиотека "Любен Каравелов" Русе Регионална библиотека "Любен Каравелов" Русе Заемна - подръчен фонд 1982-01-01 Заемна - подръчен фонд 0.20 363781 П 613.8/А 52 363781 2 0.10 Дост: Pk Вид: Ф N: стар фонд Дата: 01.01.1982 Книги
Vip Innovations Ltd, Rousse, Bulgaria 2025